La muerte de Ivan Ilich ; El Diablo ; El padre Sergio (Registro nro. 16394)
[ vista simple ]
| 000 -CABECERA | |
|---|---|
| Longitud fija campo de control | 00648nam a2200193 b 4500 |
| 003 - IDENTIFICADOR DELl NÚMERO DE CONTROL | |
| Identificador del número de control | OSt |
| 005 - FECHA Y HORA DE LA ÚLTIMA TRANSACCIÓN | |
| Fecha y hora de la última transacción | 20141220120446.0 |
| 008 - CÓDIGOS DE INFORMACIÓN DE LONGITUD FIJA | |
| Códigos de información de longitud fija | 060719s1970 slv spa |
| 040 ## - FUENTE DE LA CATALOGACIÓN | |
| Centro catalogador de origen | SpMaBN |
| Lengua de catalogación | spa |
| Centro transcriptor | BMC |
| Normas de descripción | rdc |
| 082 ## - NÚMERO DE LA CLASIFICACIÓN DECIMAL DEWEY | |
| Númeroo de clasificación | 891.7 |
| 100 1# - PUNTO DE ACCESO PRINCIPAL-NOMBRE DE PERSONA | |
| Nombre de persona | Tolstoï, Lev Nikolaevich |
| Fechas asociadas al nombre | 1828-1910 |
| 9 (RLIN) | 29324 |
| 245 13 - MENCIÓN DE TÍTULO | |
| Título | La muerte de Ivan Ilich ; El Diablo ; El padre Sergio |
| Mención de responsabilidad, etc. | León Tolstoi ; prólogo de Guillermo Díaz-Plaja |
| 260 ## - PUBLICACIÓN, DISTRIBUCIÓN, ETC. (PIE DE IMPRENTA) | |
| Lugar de publicación, distribución, etc. | Madrid |
| Nombre del editor, distribuidor, etc. | Salvat : Alianza |
| Fecha de publicación, distribución, etc. | 1969 |
| 300 ## - DESCRIPCIÓN FÍSICA | |
| Extensión | 189 p., 1 h. |
| Dimensiones | 19 cm |
| 490 ## - MENCIÓN DE SERIE | |
| Mención de serie | Biblioteca Básica Salvat. Libro RTV |
| Designación de volumen o secuencia | 34 |
| 650 24 - PUNTO DE ACCESO ADICIONAL DE MATERIA - TÉRMINO DE MATERIA | |
| 9 (RLIN) | 29314 |
| Término de materia o nombre geográfico como elemento inicial | Novela rusa |
| 700 1# - PUNTO DE ACCESO ADICIONAL - NOMBRE DE PERSONA | |
| Nombre de persona | Díaz-Plaja, Guillermo |
| 9 (RLIN) | 743 |
| Fechas asociadas al nombre | 1909-1984 |
| 942 ## - ENTRADA DE ELEMENTOS AGREGADOS (KOHA) | |
| Fuente de clasificaión o esquema | Dewey Decimal Classification |
| Koha [por defecto] tipo de item | 1- Monografias |
| Suprimido | Perdido | Fuente de clasificación o esquema | Estropeado | Restricciones de uso | No para préstamo | Código de colección | Localización permanente | Localización actual | Localización en estanter&íacute;as | Fecha adquisición | Fuente de adquisición | Número de inventario | Préstamos totales | Signatura completa | Código de barras | Fecha última consulta | Fecha último préstamo | Coste, precio reemplazado | Fecha del precio de reemplazo | Tipo de item de Koha |
|---|---|---|---|---|---|---|---|---|---|---|---|---|---|---|---|---|---|---|---|---|
| NULL | NULL | Dewey Decimal Classification | NULL | Prestable | NULL | NULL | Biblioteca Miguel de Cervantes - UNICAES | Biblioteca Miguel de Cervantes - UNICAES | Sala Principal | 05/12/2014 | Donación - Enpade | 025568 | 1 | N TOL mue | 1025978 | 09/10/2017 | 07/10/2017 | 12.00 | 05/12/2014 | 1- Monografias |
| NULL | NULL | Dewey Decimal Classification | NULL | Prestable | NULL | NULL | Biblioteca Miguel de Cervantes - UNICAES | Biblioteca Miguel de Cervantes - UNICAES | Sala Principal | 05/12/2014 | Donación - Proyección Social | 025569 | 2 | N TOL mue | 1025979 | 11/07/2019 | 09/07/2019 | 12.00 | 05/12/2014 | 1- Monografias |